| 000 | 00486nam a2200157 a 4500 | ||
|---|---|---|---|
| 001 | 000030621 | ||
| 005 | 20240226130804.0 | ||
| 008 | 110525s1985 dr a r 000 p spa d | ||
| 040 |
_aDO-SdBNP _bspa _cBNPHU |
||
| 082 |
_axxxx _bV635e |
||
| 100 | 1 |
_aVicioso, Sherezada, _d1948- _919504 |
|
| 245 | 1 | 3 |
_aUn extraño ulular traía el viento : _bpoemas / _cChiqui Vicioso. |
| 260 |
_aSanto Domingo : _bAlfa & Omega, _c1985. |
||
| 300 |
_a82 p. : _bil. ; _c28 cm. |
||
| 500 | _aInventariado, 2019/BT | ||
| 999 |
_c30113 _d30113 |
||